Tramwajem po Krakowie - ulice, po których kursują tramwaje - Statystyki

Ogólne statystyki
  • Ten quiz został rozwiązany 76 razy
  • Średni wynik to 40 z 82
Statystyki odpowiedzi
Dzielnica Wskazówka Odpowiedź % Poprawnych
Starowiślna
76%
Bieżanów - Prokocim/Podgórze Wielicka
75%
Karmelicka
73%
Grzegórzki/Czyżyny Al. Pokoju
71%
Grzegórzki Ulica Grzegórzecka
71%
Stare miasto/Grzegórzki Lubicz
71%
Długa
69%
Stare Miasto Ulica Basztowa
67%
Westerplatte
67%
Plac Plac Centralny im. Ronalda Reagana
67%
Rondo Grzegórzeckie
67%
Czyżyny/Prądnik Czerwony/Nowa Huta Al. Jana Pawła II
65%
Bronowice Bronowicka
65%
Krowodrza Królewska
65%
Stare miasto/Dębniki Most Most Grunwaldzki
65%
Pawia
65%
Grzegórzki/Prądnik czerwony Ulica Mogilska
63%
Rondo Rondo Mogilskie
63%
Łagiewniki - Borek fałęcki Zakopiańska
63%
Józefa Dietla
61%
Bieńczyce/Wzgórza Krzesławickie Kocmyrzowska
61%
Krakowska
61%
Stradomska
61%
Stefana Grota-Roweckiego
59%
Kapelanka
57%
Leonida Teligi
57%
Rondo Rondo Czyżyńskie
57%
Św. Gertrudy
57%
Franciszkańska
55%
Igołomska
55%
Dębniki Monte Cassino
55%
Podgórze Duchackie/Bieżanów - Prokocim Nowosądecka
55%
Zwierzyniecka
55%
Nowa huta Bieńczycka
53%
Floriana Straszewskiego
53%
Grzegórzki/Podgórze Most Most Kotlarski
53%
Tadeusza Kościuszki
53%
Bolesława Limanowskiego
51%
Henryka Pachońskiego
51%
Podgórze Jana Brożka
51%
Juliana Dunajewskiego
51%
Kalwaryjska
51%
Marszałka Józefa Piłsudskiego
51%
Podwale
51%
Rondo Rondo Piastowskie
51%
Al. Solidarności
49%
Lipska
49%
Stare miasto/Podgórze Most Marszałka Józefa Piłsudskiego
49%
Podgórze Duchackie Wincentego Witosa
49%
Bieżanów - Prokocim Mieczysławy Ćwiklińskiej
47%
Plac Wszystkich Świętych
47%
Zwierzyniec Al. 3 Maja
45%
Piasta Kołodzieja
45%
Wadowicka
45%
Al. Generała Władysława Andersa
41%
Dominikańska
41%
Stare miasto/Podgórze Most Powstańców Śląskich
41%
Pułkownika Ryszarda Kuklińskiego
41%
Rakowicka
41%
Rondo Kocmyrzowskie im. ks. Józefa Gorzelanego
41%
Stanisława Klimeckiego
41%
Stefana Bobrzyńskiego
41%
Al. Powstania Warszawskiego
39%
Balicka
39%
Siewna
39%
Kamienna
35%
Kotlarska
35%
Mistrzejowice Ks. Kazimierza Jancarza
35%
Tadeusza Ptaszyckiego
35%
Ujastek
35%
Srebrnych Orłów
33%
Legionów Józefa Piłsudskiego
31%
Na zjeździe
31%
Prądnik biały/Krowodrza Doktora Twardego
27%
Podchorążych
25%
Gustawa Herlinga-Grudzińskiego
24%
Saska
24%
Mistrzejowice/Bieńczyce Ulica Stanisława Mikołajczyka
24%
Bieńczyce Władysława Broniewskiego
22%
Ujastek Mogilski
20%
Prądnik biały Ulica Generała Stanisława Sosabowskiego
14%
Rynek Podgórski
12%
Nie znaleziono quizów pasujących do podanych kryteriów
Rozkład punktacji
Procent ludzi z każdym wynikiem
Percentyl według liczby udzielonych odpowiedzi
Twoja historia wyników
Nie rozwiązałeś tego quizu